Normal view
MARC view
- Shiva, Sajjan G
Entry Personal Name
001 - CONTROL NUMBER
- control field: 95320
003 - CONTROL NUMBER IDENTIFIER
- control field: NUST
005 - DATE AND TIME OF LATEST TRANSACTION
- control field: 20220726160132.0
008 - FIXED-LENGTH DATA ELEMENTS
- fixed length control field: 220726|| aca||aabn | a|a d
040 ## - CATALOGING SOURCE
- Original cataloging agency: NUST
- Transcribing agency: NUST
100 ## - HEADING--PERSONAL NAME
- Personal name: Shiva, Sajjan G
670 ## - SOURCE DATA FOUND
- Source citation: Work cat.: (NUST)176800: Shiva, Sajjan G., Advanced computer architectures /, 2006.
